Углубленный курс информатики: учебное пособие

Opis bibliograficzny
1. autor: Мойзес О. Е. Ольга Ефимовна
Korporacja: Национальный исследовательский Томский политехнический университет (ТПУ) Институт природных ресурсов (ИПР) Кафедра химической технологии топлива и химической кибернетики (ХТТ)
Kolejni autorzy: Кузьменко Е. А. Елена Анатольевна
Streszczenie:Заглавие с титульного экрана
Электронная версия печатной публикации
Пособие содержит основные сведения о численных методах. Излагаемый материал сопровождается большим количеством примеров вычислений и обработки опытных данных. Приведены примеры и алгоритмы для решения химических задач на ЭВМ с применением численных методов, а также программы на языке Паскаль. В сжатой форме описана технология работы с программой Microsoft Excel, рассматриваются различные варианты выполнения действий с табличными данными Excel. Предназначено для студентов, обучающихся по направлениям "Энерго-и ресурсосберегающие процессы в химической технологии, нефтехимии и биотехнологии". "Химическая технология" и "Биотехнология".
Режим доступа: из корпоративной сети ТПУ
Język:rosyjski
Wydane: Томск, Изд-во ТПУ, 2014
Hasła przedmiotowe:
Dostęp online:http://www.lib.tpu.ru/fulltext2/m/2014/m365.pdf
Format: Elektroniczne Książka
KOHA link:https://koha.lib.tpu.ru/cgi-bin/koha/opac-detail.pl?biblionumber=274569

MARC

LEADER 00000nlm0a2200000 4500
001 274569
005 20240118092922.0
035 |a (RuTPU)RU\TPU\book\297779 
090 |a 274569 
100 |a 20141106d2014 m y0rusy50 ca 
101 0 |a rus 
102 |a RU 
105 |a a j 001zy 
135 |a drcn ---uucaa 
181 0 |a i  
182 0 |a b 
200 1 |a Углубленный курс информатики  |e учебное пособие  |f О. Е. Мойзес, Е. А. Кузьменко  |g Национальный исследовательский Томский политехнический университет (ТПУ) 
203 |a Текст  |c электронный 
210 |a Томск  |c Изд-во ТПУ  |d 2014 
300 |a Заглавие с титульного экрана 
300 |a Электронная версия печатной публикации 
330 |a Пособие содержит основные сведения о численных методах. Излагаемый материал сопровождается большим количеством примеров вычислений и обработки опытных данных. Приведены примеры и алгоритмы для решения химических задач на ЭВМ с применением численных методов, а также программы на языке Паскаль. В сжатой форме описана технология работы с программой Microsoft Excel, рассматриваются различные варианты выполнения действий с табличными данными Excel. Предназначено для студентов, обучающихся по направлениям "Энерго-и ресурсосберегающие процессы в химической технологии, нефтехимии и биотехнологии". "Химическая технология" и "Биотехнология". 
333 |a Режим доступа: из корпоративной сети ТПУ 
337 |a Adobe Reader 
452 1 |0 (RuTPU)RU\TPU\book\293904  |t Углубленный курс информатики  |o учебное пособие  |f О. Е. Мойзес, Е. А. Кузьменко  |g Национальный исследовательский Томский политехнический университет (ТПУ)  |c Томск  |n Изд-во ТПУ  |d 2014  |p 157 с.  |a Мойзес, Ольга Ефимовна 
606 1 |a Информатика  |2 stltpush  |3 (RuTPU)RU\TPU\subj\36202 
610 1 |a электронный ресурс 
610 1 |a учебные пособия 
610 1 |a труды учёных ТПУ 
610 1 |a приближенные числа 
610 1 |a нелинейные уравнения 
610 1 |a системы нелинейных уравнений 
610 1 |a экспериментальные данные 
610 1 |a приближенное интегрирование 
610 1 |a обыкновенные дифференциальные уравнения 
610 1 |a численное решение 
610 1 |a электронные таблицы 
610 1 |a Excel 
675 |a 004(075.8)  |v 3 
700 1 |a Мойзес  |b О. Е.  |c химик-технолог, специалист в области информатики и вычислительной техники  |c доцент Томского политехнического университета, кандидат технических наук  |f 1950-  |g Ольга Ефимовна  |3 (RuTPU)RU\TPU\pers\25862  |9 11730 
701 1 |a Кузьменко  |b Е. А.  |c химик-технолог  |c доцент Томского политехнического университета, кандидат технических наук  |f 1958-  |g Елена Анатольевна  |3 (RuTPU)RU\TPU\pers\25858  |9 11727 
712 0 2 |a Национальный исследовательский Томский политехнический университет (ТПУ)  |b Институт природных ресурсов (ИПР)  |b Кафедра химической технологии топлива и химической кибернетики (ХТТ)  |3 (RuTPU)RU\TPU\col\18665 
801 1 |a RU  |b 63413507  |c 20141106 
801 2 |a RU  |b 63413507  |c 20160617  |g RCR 
856 4 |u http://www.lib.tpu.ru/fulltext2/m/2014/m365.pdf 
942 |c CF